<?xml version="1.0" encoding="UTF-8"?><?xml-stylesheet type="text/xsl" href="static/style.xsl"?><OAI-PMH xmlns="http://www.openarchives.org/OAI/2.0/" xmlns:xsi="http://www.w3.org/2001/XMLSchema-instance" xsi:schemaLocation="http://www.openarchives.org/OAI/2.0/ http://www.openarchives.org/OAI/2.0/OAI-PMH.xsd"><responseDate>2026-04-30T05:20:07Z</responseDate><request verb="GetRecord" identifier="oai:uvadoc.uva.es:10324/76405" metadataPrefix="marc">https://uvadoc.uva.es/oai/request</request><GetRecord><record><header><identifier>oai:uvadoc.uva.es:10324/76405</identifier><datestamp>2025-07-17T19:02:01Z</datestamp><setSpec>com_10324_38</setSpec><setSpec>col_10324_852</setSpec></header><metadata><record xmlns="http://www.loc.gov/MARC21/slim" xmlns:doc="http://www.lyncode.com/xoai" xmlns:xsi="http://www.w3.org/2001/XMLSchema-instance" xmlns:dcterms="http://purl.org/dc/terms/" xsi:schemaLocation="http://www.loc.gov/MARC21/slim http://www.loc.gov/standards/marcxml/schema/MARC21slim.xsd">
<leader>00925njm 22002777a 4500</leader>
<datafield tag="042" ind1=" " ind2=" ">
<subfield code="a">dc</subfield>
</datafield>
<datafield tag="720" ind1=" " ind2=" ">
<subfield code="a">Gálvez Pereira, Laura</subfield>
<subfield code="e">author</subfield>
</datafield>
<datafield tag="260" ind1=" " ind2=" ">
<subfield code="c">2025</subfield>
</datafield>
<datafield tag="520" ind1=" " ind2=" ">
<subfield code="a">En este presente trabajo se desarrolla una revisión bibliográfica sobre el Origen de la Educación Infantil en Europa y las Ciencias de la Naturaleza en la historia de la Educación Infantil.&#xd;
En primer lugar, se hace una búsqueda exhaustiva de diferentes artículos en fuentes fiables para tener la base de trabajo de esta investigación. A raíz de esta indagación se realiza un análisis de manera cronológica a lo largo de los diferentes siglos y épocas, mostrando así, esa evolución y cambios que se generan en la educación.&#xd;
En este trabajo se refleja un análisis acerca de la Ilustración, donde se produce un cambio en el sistema educativo, dando pie a un progreso social. En correlación con esta búsqueda, es importante destacar el origen de la educación infantil, y el papel que la mujer ha tenido dentro de esta, junto con los modelos pedagógicos en los que se subraya la evolución sobre los espacios, materiales y el juego.&#xd;
Las Ciencias de la Naturaleza se incorporaron en este nivel de enseñanza ya que fomentan el pensamiento, exploración y conocimientos acerca del mundo que les rodea.</subfield>
</datafield>
<datafield tag="024" ind2=" " ind1="8">
<subfield code="a">https://uvadoc.uva.es/handle/10324/76405</subfield>
</datafield>
<datafield tag="245" ind1="0" ind2="0">
<subfield code="a">El origen de la educación infantil en Europa y las ciencias de la naturaleza en la historia de la educación infantil</subfield>
</datafield>
</record></metadata></record></GetRecord></OAI-PMH>